[Event "Salon de Provence op 1st"]
[Site "Salon de Provence"]
[Date "2006.04.27"]
[Round "5"]
[White "Degoutte, Eric"]
[Black "Perraut, Arnaud"]
[Result "1/2-1/2"]
[WhiteElo "1700"]
[BlackElo "1670"]
[PlyCount "79"]
[EventDate "2006.04.24"]
[EventType "swiss"]
[EventRounds "7"]
[EventCountry "FRA"]
[SourceTitle "CBM 112 Extra"]
[Source "ChessBase"]
[SourceDate "2006.07.14"]
[SourceVersion "1"]
[SourceVersionDate "2006.07.14"]
[SourceQuality "1"]

1. d4 e5 2. c4 e4 3. Nc3 f5 4. Bf4 Bb4 5. e3 Nf6 6. Be2 0-0 7. c5 d5 8. Qb3 Nc6 9. Bb5 Rb8 10. Nge2 Be6 11. a3 Ba5 12. Qc2 Bxc3+ 13. Qxc3 h6 14. h3 a6 15. Bxc6 bxc6 16. b4 Qe7 17. Rb1 a5 18. 0-0 g5 19. Be5 g4 20. Nf4 gxh3 21. Nxh3 a4 22. Qc2 Ng4 23. g3 Nxe5 24. dxe5 Kh7 25. Nf4 Rg8 26. Kg2 Bd7 27. Qc3 Rg4 28. Nh5 Rg6 29. Nf6+ Kh8 30. Nxd7 Qxd7 31. Rh1 Qg7 32. Rh5 Rf8 33. Rbh1 f4 34. exf4 Rxf4 35. Qe3 Rf3 36. Rxh6+ Rxh6 37. Qxh6+ Kg8 38. Qe6+ Qf7 39. Qg4+ Qg7 40. Qe6+ 1/2-1/2